Responses for show #4937 - Tuesday, February 14, 2006

2006 Teen Tournament semifinal game 2.

Contestants

[<< previous game]

Andrew Kreitz, a senior from Huntington Beach, California

Allison Peña, a junior from Sunrise, Florida

Iddoshe Hirpa, a junior from Louisville, Kentucky

[next game >>]

Jeopardy! Round responses

AROUND THE USA
CARTOON BEFORE & AFTER
YOUR FRIENDLY MILITARY RECRUITER
GRAB BAG
KEANU, ASHTON OR EINSTEIN
"OLD" SCHOOL
    $200 3
Iowa

Andrew
    $200 16
(Andrew: Who is Patrick?)
(Alex: Be more specific.)
(Andrew: Who is Patrick Fish--Starfish?)

Patrick Star of David

AllisonAndrew
    $200 1
nuclear power

Andrew
    $200 11
(Michelle) Wie

Iddoshe
    $200 12
Keanu

Allison
    $200 21
mold

Allison
    $400 6
Kentucky

Iddoshe
    $400 19
Sideshow Bob Marley

Triple Stumper
    $400 2
the Coast Guard

Iddoshe
    $400 14
Dr. Livingstone

Andrew
    $400 13
(Albert) Einstein

Iddoshe
    $400 22
(Allison: What is a fold?)

a billfold

AllisonAndrew
    $1,000 7
Louisiana

Iddoshe
    $600 28
Danny Phantom Menace

Iddoshe
    $600 4
(Alex: The [*] exchange.)

post

Triple Stumper
    $600 15
(Allison: What is an ellipse?)
[Originally ruled incorrect, reversed after first break]

ellipses (or an ellipsis)

AllisonAndrew
    $600 20
(Iddoshe: Who is Ashton?)

Einstein

IddosheAllison
    $600 23
to scold

Iddoshe
    $800 8
(Iddoshe: What is Tennessee?)
...
(Alex: You're thinking of the Smoky Mountains, perhaps.)

Alaska

Iddoshe
Triple Stumper
    $800 29
Racer X Games

Andrew
    $800 5
a navigator

Iddoshe
    $800 17
russet

Iddoshe
    $800 24
Ashton (Kutcher)

Andrew
    $800 26
a marigold

Iddoshe
    $1000 9
(Alex: Annapolis, [*].)

Maryland

Andrew
    $1000 30
Tinker Bell Curve

Iddoshe
    $1000 10
combat

Andrew
    $1000 18
genealogy

Andrew
    $1000 25
Keanu (Reeves)

Iddoshe
    $1000 27
the threshold

Triple Stumper

Scores at the first commercial break (after clue 15):

Iddoshe Allison Andrew
$2,400 $800 $3,400

Scores at the end of the Jeopardy! Round:

Iddoshe Allison Andrew
$6,600 $1,400 $6,200

Double Jeopardy! Round responses

BIOLOGY
UNUSUAL SPORTS
THE MUSEUMS OF EUROPE
O PIONEERS!
NOVELS
WORDS BORROWED BY THE INTERNET
    $400 3
whales

Allison
    $400 20
(Alex: [*], there's a sport.)

cheese

Allison
    $400 8
Picasso

Andrew
    $400 12
iron

Allison
    $400 19
The Catcher in the Rye

Andrew
    $400 1
surfing

Allison
    $800 4
an Amoeba

Allison
    $800 27
elephants

Andrew
    $800 13
Venice

Andrew
    $800 14
(Allison: What are planks?)

shingles

AllisonAndrew
    $800 23
Inheritance

Triple Stumper
    $800 2
a thread

Iddoshe
    $1200 5
a kingdom

Andrew
    $1200 28
paintball

Allison
    $1200 17
Sicily

Andrew
    $1200 15
a sauna

Andrew
    $1200 24
The Outsiders

Iddoshe
    $1200 9
Java

Allison
    $1600 6
a cell wall

Allison
    $1600 29
basketball

Andrew
    $1600 21
Madame Tussaud

Allison
    $1600 16
Little House in the Big Woods

Iddoshe
    $2,000 25
(Iddoshe: What is Maniac Magee?)

The Chocolate War

Iddoshe
    $2,200 10
(Allison: [Shakes head])

a forum

Allison
    $2000 7
T-cells

Iddoshe
    $2000 30
luge

Iddoshe
    $2000 22
Monaco

Iddoshe
    $2000 18
(Allison: What is Sweden?)
(Iddoshe: What are the Netherlands?)

Denmark

IddosheAllison
Triple Stumper
    $2000 26
the Red Fern

Allison
    $2000 11
a stream

Andrew

Scores at the end of the Double Jeopardy! Round:

Iddoshe Allison Andrew
$12,200 $6,400 $16,600

[wagering suggestions for these scores]

Final Jeopardy! Round responses

NOTABLE AMERICAN WOMEN
AllisonWho is Oprah?
$6,200
IddosheWho is Condalezza Rice?
$10,800
AndrewWho Condaleeza Rice
$7,801
Condoleezza Rice

Final scores:

Iddoshe Allison Andrew
$23,000 $200 $24,401
2nd place: $10,000 3rd place: $10,000 Finalist

Game dynamics:

Coryat scores:

Iddoshe Allison Andrew
$13,800 $8,600 $16,600
18 R
(including 1 DD),
4 W
(including 1 DD)
15 R,
4 W
(including 1 DD)
20 R,
1 W

Combined Coryat: $39,000

The J! Archive is created by fans, for fans. The Jeopardy! game show and all elements thereof, including but not limited to copyright and trademark thereto, are the property of Jeopardy Productions, Inc. and are protected under law. This website is not affiliated with, sponsored by, or operated by Jeopardy Productions, Inc. Join the discussion at JBoard.tv.